[Event "GER-chT U12"]
[Site "Muenchen"]
[Date "2022.12.28"]
[Round "4"]
[White "Wenzel, Jonathan"]
[Black "Berbig, Georg"]
[Result "0-1"]
[WhiteElo "1031"]
[BlackElo "1118"]
[PlyCount "144"]
[EventDate "2022.12.26"]
[EventType "team-swiss"]
[EventRounds "7"]
[EventCountry "GER"]
[SourceTitle "CBM 212 Extra"]
[Source "ChessBase"]
[SourceDate "2023.03.31"]
[SourceVersion "1"]
[SourceVersionDate "2023.03.31"]
[SourceQuality "1"]
[WhiteTeam "Untergrombach"]
[BlackTeam "Weimar"]
[WhiteTeamCountry "GER"]
[BlackTeamCountry "GER"]

1. e4 d5 2. exd5 Qxd5 3. Nc3 Qa5 4. d4 Nf6 5. Nf3 Bf5 6. Bc4 e6 7. Bd2 c6 8. Nd5 Qd8 9. Nxf6+ Qxf6 10. c3 Bd6 11. 0-0 Nd7 12. Qc1 h6 13. Bf4 Bxf4 14. Qxf4 Rc8 15. Rfe1 0-0 16. Nh4 g5 17. Qg3 Nb6 18. Be2 Nd5 19. Nxf5 Qxf5 20. c4 Nf4 21. Bg4 Qg6 22. Re5 Qd3 23. Qxd3 Nxd3 24. Re2 f5 25. Rd1 Nf4 26. Re5 fxg4 27. g3 Nh5 28. Rxe6 Kg7 29. Re4 Nf6 30. Re7+ Rf7 31. Rde1 Rd8 32. Rxf7+ Kxf7 33. Rd1 c5 34. d5 a6 35. a3 b5 36. cxb5 axb5 37. Kf1 Rxd5 38. Rxd5 Nxd5 39. Ke2 Ke6 40. Kd3 Ke5 41. b3 Nb6 42. Kc3 Nd5+ 43. Kd3 b4 44. axb4 cxb4 45. Kc4 Kd6 46. Kd4 Nc3 47. Ke3 Ke5 48. f3 Nd5+ 49. Kf2 Kf5 50. fxg4+ Kxg4 51. Kg2 Nc3 52. h3+ Kf5 53. Kf3 Na2 54. g4+ Kf6 55. Ke3 Ke5 56. Kd3 Kf4 57. Kc2 Kg3 58. Kb2 Nc3 59. Kc2 Kxh3 60. Kd3 Kxg4 61. Kc4 Na2 62. Kd3 h5 63. Ke2 Nc1+ 64. Kf2 Nxb3 65. Kg2 Nd4 66. Kh2 b3 67. Kg2 b2 68. Kh2 b1Q 69. Kg2 Qe4+ 70. Kh2 Qf3 71. Kg1 Ne2+ 72. Kh2 Qg3+ 0-1

[Event "GER-chT U12"]
[Site "Muenchen"]
[Date "2022.12.27"]
[Round "2"]
[White "Berbig, Georg"]
[Black "Mende, Magnus"]
[Result "1/2-1/2"]
[WhiteElo "1118"]
[BlackElo "915"]
[PlyCount "95"]
[EventDate "2022.12.26"]
[EventType "team-swiss"]
[EventRounds "7"]
[EventCountry "GER"]
[SourceTitle "CBM 212 Extra"]
[Source "ChessBase"]
[SourceDate "2023.03.31"]
[SourceVersion "1"]
[SourceVersionDate "2023.03.31"]
[SourceQuality "1"]
[WhiteTeam "Weimar"]
[BlackTeam "Fritzdorf"]
[WhiteTeamCountry "GER"]
[BlackTeamCountry "GER"]

1. d4 d5 2. Nf3 Bg4 3. e3 a6 4. h3 Bh5 5. Be2 Nc6 6. c4 dxc4 7. Bxc4 Bg6 8. Nc3 Nf6 9. 0-0 Nb4 10. Qa4+ Nc6 11. Qd1 e6 12. a3 Bd6 13. Bd2 b5 14. Be2 b4 15. axb4 Nxb4 16. Ra4 Bc2 17. Qa1 Bxa4 18. Qxa4+ Qd7 19. Bb5 c6 20. Bc4 0-0 21. Qd1 a5 22. e4 c5 23. dxc5 Bxc5 24. e5 Nfd5 25. Ne4 Nb6 26. Nxc5 Qc7 27. Nxe6 Qxc4 28. Nxf8 Rxf8 29. b3 Qe6 30. Bxb4 axb4 31. Qd4 Nd5 32. Rd1 Rd8 33. Ng5 Qf5 34. Ne4 h6 35. Nd6 Nf4 36. Nxf5 Ne2+ 37. Kh2 Nxd4 38. Rxd4 Re8 39. f4 f6 40. exf6 gxf6 41. Nxh6+ Kh7 42. Ng4 Kg7 43. Rxb4 f5 44. Rb7+ Kg6 45. Ne5+ Kh6 46. g4 fxg4 47. hxg4 Re7 48. Rxe7 1/2-1/2